Która planeta Układu Słonecznego? - Statystyki

Ogólne statystyki
  • Ten quiz został rozwiązany 30 razy
  • Średni wynik to 8 z 8
Statystyki odpowiedzi
Hint Odpowiedź % Poprawnych
Gazowy olbrzym, jego wnętrze to głównie lód i skały. W przeciwieństwie do swojego "bliźniaka", wykazuje znaczącą aktywność meteorologiczną. Neptun
100%
Największa planeta Układu Słonecznego. Jego masa jest większa od łącznej masy wszystkich pozostałych planet. Jowisz
96%
Dumny posiadacz najwyższego wzniesienia w Układzie Słonecznym - Olympus Mons. Posiada dwa małe księżyce o nieregularnych kształtach. Mars
96%
Najmniejsza skalista planeta Układu Słonecznego, nie posiada naturalnych satelitów. Merkury
96%
Gazowy olbrzym posiadający wyraźne pierścienie, złożone głównie z lodu i odłamków skalnych. Posiada ponad 280 naturalnych satelitów. Saturn
96%
Gazowy olbrzym widoczny na nocnym niebie gołym okiem. Budową i składem przypomina Neptuna. Uran
96%
Planeta skalista o podobnej masie, wielkości i składzie chemicznym do Ziemi. Atmosfera jest bogata w dwutlenek węgla i chmury dwutlenku siarki. Wenus
96%
Skalista planeta, której powierzchnię w ponad 70% pokrywa woda. Jedyne miejsce, w którym występuje życie. Ziemia
96%
Nie znaleziono quizów pasujących do podanych kryteriów
Rozkład punktacji
Procent ludzi z każdym wynikiem
Percentyl według liczby udzielonych odpowiedzi
Twoja historia wyników
Nie rozwiązałeś tego quizu